Propuesta de requerimientos técnicos para la implementación de redes móviles con la tecnología LTE en Costa Rica
Bewaard in:
| Hoofdauteur: | |
|---|---|
| Andere auteurs: | , , |
| Formaat: | Boek |
| Gepubliceerd in: |
[San José, Costa Rica]
2010
|
| Onderwerpen: | |
| Tags: |
Voeg label toe
Geen labels, Wees de eerste die dit record labelt!
|
MARC
| LEADER | 00000nam a2200000Ia 4500 | ||
|---|---|---|---|
| 001 | 010037 | ||
| 003 | 6208 | ||
| 005 | 20221231144034.0 | ||
| 008 | 140114s2010 cr a 000 ||s d | ||
| 040 | |c cru CEDI | ||
| 100 | |a Acuña Quirós, Pablo José |9 2934 | ||
| 245 | |a Propuesta de requerimientos técnicos para la implementación de redes móviles con la tecnología LTE en Costa Rica | ||
| 260 | |c 2010 |b [San José, Costa Rica] | ||
| 500 | |a Tesis (licenciatura en ingeniería eléctrica)--Universidad de Costa Rica. Facultad de Ingeniería. Escuela de Ingeniería Eléctrica | ||
| 650 | |x TELECOMUNICACIONES |x SISTEMAS MOVILES DE COMUNICACION |x INSTITUTO COSTARRICENSE DE ELECTRICIDAD |x TELEFONIA |9 2935 | ||
| 700 | |9 2936 |a Montealegre Alfaro, Fabián | ||
| 700 | |9 2937 |a Salas Cascante, Marcelo | ||
| 700 | |a Salazar Jara, José Pablo |9 2938 | ||
| 942 | |c BK | ||
| 999 | |c 15995 |d 15995 | ||
